Associe les artistes francophones avec leur titre de chanson VOL2 - Statistiques

Statistiques générales
  • Ce quiz a été pris 42 fois
  • Le résultat moyen est 11 sur 21
Statistiques - réponses
Hint Réponse % Correct
Eddy Mitchell Couleur menthe à l'eau
92%
Julien Doré Paris-Seychelles
92%
Niagara L'amour à la plage
83%
Kyo Le Graal
83%
Les Rita Mitsouko Les histoires d'a
78%
Jean-Jacques Goldman Puisque tu pars
75%
De Palmas J'en rêve encore
69%
Nicoletta Il est mort le soleil
64%
Bernard Lavilliers On The Road Again
61%
Angèle La thune
53%
Elodie Frégé La ceinture
47%
Patricia Kaas D'allemagne
42%
BB Brunes Lalalove You
39%
Nekfeu Mauvaise graine
39%
Jul Parfum quartier
39%
Mylène Farmer L'emprise
36%
Noir Désir Tostaky
33%
Matmatah L'apologie
28%
Aloïse Sauvage Omowi
17%
Zazie Let it shine
11%
Malicorne Marions les roses
11%
Aucun quiz correspondant
Distribution des résultats
% des personnes avec chaque résultat
Percentile par nombre de réponses
Votre historique - résultats
Vous n’avez pas pris ce quiz